000 00851nam a22002897a 4500
003 CHAP
005 20220329141550.0
008 971013s1953 r 00010 d
010 _a70236
011 _a71208
035 _a80762
040 _cCHAP
090 _aFolleto 5291 (1954-55)
100 0 0 _aCade Export Company, Inc.
_917038
245 _aVariedades de arroz cultivadas en los Estados Unidos
250 _aed. 1954-55
260 _aAlexandria, L.A.,
_c(1953)
300 _a31 p.
_b: ilus.
590 _aBATCH-UPD
_b10
_c20130109
_lUCH01
_h2329
590 _aBATCH-UPD
_b10
_c20130110
_lUCH01
_h0547
590 _aCONVERSION
_b10
_c20130109
_lUCH01
_h1339
650 1 4 _aArroz
_xE.U.A.
_97594
650 1 4 _aArroz
_xVariedades.
_97668
901 _aBK
942 _cFOLL
949 _aFolleto 5291 (1954-55)
_bBC
_cFOLL
_d-33701
_eTS1
_i80762
_mD
_si
999 _c70236
_d70236